000 00906nam a22002892a 4500
999 _c5254
_d5254
001 5254
003 BD-JhCC
005 20171211173723.0
008 171211s1966 pk a b 001 0 eng d
035 _a(BD-JhCC)5254
040 _aDLC
_cCSL
_dSER
_dUKM
_dEQO
_dBD-JhCC
041 _aeng
050 0 _aHC440.5
_b.A785 1966a
082 _a330.9549
_bAND 1966
100 1 _aAndrus, James Russell,
_d1902-
245 1 0 _aTrade, finance and development in Pakistan /
_cJ. Russell Andrus, Azizali F. Mohammed
260 _aKarachi ;
_aLondon :
_bOxford University Press,
_c1966.
300 _axii, 289 p. :
_btables ;
_c23 cm
500 _aDiagrams on endpapers
500 _aIncludes index
504 _aBibliography: p. 281-283
650 0 _aFinance, Public
_zPakistan
651 0 _aPakistan
_xEconomic conditions
700 1 _aMohammed, Azizali F.
_q(Azizali Farrukh)
942 _2ddc
_cBK